Kontekstwalisadong komunikasyon sa filipino (Record no. 78195)
[ view plain ]
| 000 -LEADER | |
|---|---|
| fixed length control field | 00872nam a22002417a 4500 |
| 003 - CONTROL NUMBER IDENTIFIER | |
| control field | URS |
| 005 - DATE AND TIME OF LATEST TRANSACTION | |
| control field | 20240531231559.0 |
| 008 - FIXED-LENGTH DATA ELEMENTS--GENERAL INFORMATION | |
| fixed length control field | 231003t2023 |||||||| |||| 00| 0 eng d |
| 020 ## - INTERNATIONAL STANDARD BOOK NUMBER | |
| International Standard Book Number | 9789719655138 |
| 040 ## - CATALOGING SOURCE | |
| Transcribing agency | URS |
| Description conventions | rda |
| 050 14 - LIBRARY OF CONGRESS CALL NUMBER | |
| Classification number | PL 6059 |
| Item number | M325 2023 |
| 100 1# - MAIN ENTRY--PERSONAL NAME | |
| Personal name | Maranan, Mario H. |
| 245 1# - TITLE STATEMENT | |
| Title | Kontekstwalisadong komunikasyon sa filipino |
| Remainder of title | Alinsunod sa CMO57, serye ng 2017 at silabus ng bagong asignaturang filipino sa kolehiyo na inihanda ng tanggol wika / |
| Statement of responsibility, etc. | Dr. Mario H. Maranan |
| 250 ## - EDITION STATEMENT | |
| Edition statement | Ikalawang edisyon. |
| 264 #1 - PRODUCTION, PUBLICATION, DISTRIBUTION, MANUFACTURE, AND COPYRIGHT NOTICE | |
| Place of production, publication, distribution, manufacture | Manila, Philippines : |
| Name of producer, publisher, distributor, manufacturer | Mindshapers Co., Inc., |
| Date of production, publication, distribution, manufacture, or copyright notice | 2023. |
| 300 ## - PHYSICAL DESCRIPTION | |
| Extent | viii, 186 pages : |
| Other physical details | illustrations; |
| Dimensions | 24 cm. |
| 336 ## - CONTENT TYPE | |
| Source | rdacontent |
| Content type term | text |
| 337 ## - MEDIA TYPE | |
| Source | rdamedia |
| Media type term | unmediated |
| 338 ## - CARRIER TYPE | |
| Source | rdacarrier |
| Carrier type term | volume |
| 504 ## - BIBLIOGRAPHY, ETC. NOTE | |
| Bibliography, etc. note | Includes bibliographical references. |
| 650 ## - SUBJECT ADDED ENTRY--TOPICAL TERM | |
| Topical term or geographic name entry element | Komunikasyon, Filipino |
| 942 ## - ADDED ENTRY ELEMENTS (KOHA) | |
| Source of classification or shelving scheme | Library of Congress Classification |
| Koha item type | Filipiniana |
| Withdrawn status | Source of classification or shelving scheme | Damaged status | Not for loan | Home library | Current library | Date acquired | Total Checkouts | Full call number | Barcode | Date last seen | Price effective from | Koha item type | Shelving location | Copy number | Collection code | Source of acquisition |
|---|---|---|---|---|---|---|---|---|---|---|---|---|---|---|---|---|
| Library of Congress Classification | Rodriguez College Library | Rodriguez College Library | 05/31/2024 | PL 6054 .M325 2023 | URSROD-5206 | 05/31/2024 | 05/31/2024 | Filipiniana | Filipiniana Section | c1 | ||||||
| Library of Congress Classification | Rodriguez College Library | Rodriguez College Library | 05/31/2024 | PL 6054 .M325 2023 | URSROD-5207 | 05/31/2024 | 05/31/2024 | Filipiniana | Filipiniana Section | c2 | ||||||
| Library of Congress Classification | Tanay College Library | Tanay College Library | 10/03/2023 | PL 6059 M325 2023 | URSTAN-N3405 | 10/03/2023 | 10/03/2023 | Filipiniana | ||||||||
| Library of Congress Classification | Tanay College Library | Tanay College Library | 10/03/2023 | PL 6059 M325 2023 | URSTAN-N3404 | 10/03/2023 | 10/03/2023 | Filipiniana | ||||||||
| Library of Congress Classification | Taytay College Library | Taytay College Library | 10/24/2024 | PL6054 .M325 2023 | URSTAY-5282 | 02/12/2026 | Filipiniana | Filipiniana Section | 2 | Non-fiction | Purchased | |||||
| Library of Congress Classification | Taytay College Library | Taytay College Library | 10/24/2024 | PL6054 .M325 2023 | URSTAY-5283 | 02/12/2026 | Filipiniana | Filipiniana Section | 3 | Non-fiction | Purchased | |||||
| Library of Congress Classification | Taytay College Library | Taytay College Library | 10/24/2024 | PL6054 .M325 2023 | URSTAY-5281 | 02/12/2026 | Filipiniana | Filipiniana Section | 1 | Non-fiction | Purchased |